Statistics for Britain A-Z picture quiz

Click here to take the quiz!

General Stats

  • This quiz has been taken 47 times
  • The average score is 11 of 26

Answer Stats

Answer% Correct
Oliver C{romwell}
98%
F{ish and chips}
98%
N{umber 10} Downing Street
89%
U{nion Jack}
77%
Y{orkshire pudding}
75%
J{ersey}
75%
D{aleks}
73%
S{evern}
70%
G{iant's Causeway}
68%
Loch L{omond}
68%
Alan T{uring}
64%
O{ld Trafford}
55%
Q{uakers}
55%
I{ronbridge}
39%
A{berystwyth}
30%
H{oy}
25%
K{ingston upon Hull}
20%
W{estward Ho}!
16%
M{arian} burnings
11%
E{isteddfod}
11%
Nicholas B{reakspear}
9%
Z{ouch}
7%
X{-Class} submarine
5%
P{ontcysyllte} Aqueduct
2%
Robert R{ecorde}
2%
V{ortigern}
2%

Score Distribution

Percentile by Number Answered

Percent of People with Each Score

Your Score History

You have not taken this quiz